| 000 | 02017cam a2200361 a 4500 | ||
|---|---|---|---|
| 003 | OSt | ||
| 005 | 20210610105200.0 | ||
| 008 | 110310t 2010sp r 000 0 spa d | ||
| 020 | _a8446027674 | ||
| 020 | _a9788446027676 | ||
| 040 |
_aCO-BoPUJ _cCO-JMCR |
||
| 041 | 1 |
_aspa _heng |
|
| 082 | 0 | 4 |
_a331.2520973 / _bB411f _223 |
| 100 | 1 |
_aBlackburn, Robin. _eautor _926659 |
|
| 245 | 1 | 3 |
_aEl futuro del sistema de pensiones : _bcrisis financiera y Estado de bienestar / _cRobin Blackburn ; traducción de Nuria Cortés Ruiz |
| 260 |
_aMadrid, España : _bEdiciones Akal, _cc2010. |
||
| 300 |
_a439 páginas ; _c24 cm. |
||
| 490 | 0 |
_aCuestiones de antagonismo ; _v60 |
|
| 501 | _aCon : notas a pie de página. | ||
| 504 | _aIncluye referencias bibliográficas. | ||
| 505 | 0 | _aIntroducción.-- La necesidad de un nuevo colectivismo. -- El nuevo curso de la vida : su forma y sus costes. -- El Estado de bienestar dividido y el río del tiempo. -- El fracaso comercial y corporativo. -- El tenebroso mundo del capital gris. -- Los límites de la reforma y el activismo accionarial. -- La necesidad de unas pensiones públicas fuertes. -- Cómo financiar pensiones dignas y domeñar a las corporaciones. | |
| 520 | 0 | _aEn este ensayo Robin Blackburn realiza un crítico examen sobre la crisis fiscal y la corrupción empresarial de una sociedad en proceso de envejecimiento. | |
| 534 | _tAge shock : how finance is failing us. | ||
| 650 | 1 | 4 |
_aPensiones a la vejez _zEstados Unidos _938288 |
| 650 | 2 | 4 |
_aPensiones a la vejez _zGran Bretaña _938289 |
| 650 | 2 | 4 |
_aSociedades de pensionados _zEstados Unidos _938290 |
| 650 | 2 | 4 |
_aSociedades de pensionados _zGran Bretaña _938291 |
| 650 | 2 | 4 |
_aEnvejecimiento de la población _xAspectos económicos _zEstados Unidos _938292 |
| 650 | 2 | 4 |
_aEnvejecimiento de la población _xAspectos económicos _zGran Bretaña _938293 |
| 700 | 1 |
_aCortés Ruiz, Nuria. _etraductor _938294 |
|
| 942 |
_2ddc _cBK |
||
| 999 |
_c11867 _d11867 |
||